000 00523nam a2200169Ia 4500
999 _c27143
_d27143
003 OSt
005 20210202143531.0
008 190216s9999||||xx |||||||||||||| ||und||
040 _coclc
082 _a894.812301
_bKUN/M
100 _a Kunhabdulla, Punathil
_96411
245 0 _aMalamukalile Abdullah /
_cPunathil Kunhabdulla
260 _bCalicut University Publications,
_aUniversity Of Calicut:
300 _a146p
650 _aKathakal
942 _cBK
_2ddc
_h894.812301
_iKUN/M
_k894.812301
_mKUN/M